000 00473nam a2200217Ia 4500
003 IT-RoPAU
008 120407s9999 xx 000 0 und d
040 _aIT-RoPAU
040 _cIT-RoPAU
041 _adeu
100 _aPetrus Kurczynski
245 _aDe natura et observantia poenarum latae sententiae.
250 _aLublin
260 _aLubelskiego
260 _c1938
300 _a170 p.
300 _c24 cm
490 _v1
942 _cBK
999 _c26980
_d26980